蜀道难 (Record no. 64799)

000 -LEADER
fixed length control field 00481nam a22001937a 4500
003 - CONTROL NUMBER IDENTIFIER
control field MPLRDC
005 - DATE AND TIME OF LATEST TRANSACTION
control field 20220104192625.0
008 - FIXED-LENGTH DATA ELEMENTS--GENERAL INFORMATION
fixed length control field 210129b ||||| |||| 00| 0 eng d
020 ## - INTERNATIONAL STANDARD BOOK NUMBER
International Standard Book Number 978-957-33-2955-8
082 ## - DEWEY DECIMAL CLASSIFICATION NUMBER
Classification number 857.9 ZC
100 ## - MAIN ENTRY--PERSONAL NAME
Personal name 张草
245 ## - TITLE STATEMENT
Title 蜀道难
Statement of responsibility, etc.
250 ## - EDITION STATEMENT
Edition statement 初版
260 ## - PUBLICATION, DISTRIBUTION, ETC.
Place of publication, distribution, etc. 台湾
Name of publisher, distributor, etc. 皇冠文化出版有限公司
Date of publication, distribution, etc. 2012
300 ## - PHYSICAL DESCRIPTION
Other physical details
490 ## - SERIES STATEMENT
Series statement 皇冠丛书: 第4278种; JOY: 152
650 ## - SUBJECT ADDED ENTRY--TOPICAL TERM
Topical term or geographic name entry element 武侠小说
942 ## - ADDED ENTRY ELEMENTS (KOHA)
Koha item type Book
-- 857.9 ZC
Holdings
Withdrawn status Lost status Source of classification or shelving scheme Damaged status Not for loan Collection code Home library Current library Shelving location Date acquired Cost, normal purchase price Total Checkouts Total Renewals Full call number Barcode Date last seen Date last checked out Price effective from Koha item type Public note
            Malaysian Public Library, Research and Development Centre Malaysian Public Library, Research and Development Centre   13/08/2013 40.00   1 857.9 ZC 00058937 18/03/2021 11/03/2018 18/03/2021 Book mplrdc

© 2022. Malaysian Public Library, Research and Development Centre. All Right ReservedE-mailmplrdc@help.edu.my 

Powered by Koha